L’archive de mes souvenirs : Mary (notice n° 1605324)
[ vue normale ]
| 000 -LEADER | |
|---|---|
| fixed length control field | 00926cam a2200181 4500500 |
| 005 - DATE AND TIME OF LATEST TRANSACTION | |
| control field | 20251228095013.0 |
| 041 ## - LANGUAGE CODE | |
| Language code of text/sound track or separate title | fre |
| 042 ## - AUTHENTICATION CODE | |
| Authentication code | dc |
| 100 10 - MAIN ENTRY--PERSONAL NAME | |
| Personal name | Py-Daniel Lépine, Ruth |
| Relator term | author |
| 245 00 - TITLE STATEMENT | |
| Title | L’archive de mes souvenirs : Mary |
| 260 ## - PUBLICATION, DISTRIBUTION, ETC. | |
| Date of publication, distribution, etc. | 2015.<br/> |
| 500 ## - GENERAL NOTE | |
| General note | 88 |
| 520 ## - SUMMARY, ETC. | |
| Summary, etc. | L’auteur livre de ses archives particulières, les plus intimes, quelques événements secrets pour faire revivre des instants marquants de son enfance. |
| 520 ## - SUMMARY, ETC. | |
| Summary, etc. | The author reveals some secret events from her most private archives, so as to bring striking moments of her childhood back to life. |
| 520 ## - SUMMARY, ETC. | |
| Summary, etc. | Dos seus arquivos pessoais mais íntimos, o autor revela alguns acontecimentos secretos que o fazem regressar a momentos marcantes da sua infância. |
| 786 0# - DATA SOURCE ENTRY | |
| Note | Sigila | 36 | 2 | 2015-10-01 | p. 77-82 | 1286-1715 |
| 856 41 - ELECTRONIC LOCATION AND ACCESS | |
| Uniform Resource Identifier | <a href="https://shs.cairn.info/revue-sigila-2015-2-page-77?lang=fr&redirect-ssocas=7080">https://shs.cairn.info/revue-sigila-2015-2-page-77?lang=fr&redirect-ssocas=7080</a> |
Pas d'exemplaire disponible.




Réseaux sociaux